00553nam a2200169Ia 4500952012600000999001700126003000400143005001700147008004100164040000900205082001500214100002400229245004600253260003900299300000900338942003600347 00102ddc40708PHYSICSaMESbMEScRAREd2019-02-20g13.13l0o536 EDS/Hp22r2019-02-20 00:00:00w2019-02-20yREFzU6R1 c32663d32663OSt20200918113751.0190216s9999||||xx |||||||||||||| ||und|| coclc a536bEDS/H aEdser, Edwin 94737 0aHeat For Advanced Students /cEdwin Edser bMacmillan &co Ltd,aLondon:c1962. a487p cBK2ddch536iEDS/Hk536mEDS/H